| 000 -LEADER |
| fixed length control field |
00359cam a22001097a 4500 |
| 008 - FIXED-LENGTH DATA ELEMENTS--GENERAL INFORMATION |
| fixed length control field |
180718b1968 xxu||||| |||| 00| 0 eng d |
| 082 ## - DEWEY DECIMAL CLASSIFICATION NUMBER |
| Classification number |
J703x5432 H57 |
| 245 ## - TITLE STATEMENT |
| Title |
Capital of Himachal Pradesh (development and regulation ) act,1968 |
| 260 ## - PUBLICATION, DISTRIBUTION, ETC. |
| Place of publication, distribution, etc. |
Shimla |
| Name of publisher, distributor, etc. |
Government of Himachal Pradesh Press |
| Date of publication, distribution, etc. |
1968 |
| 300 ## - PHYSICAL DESCRIPTION |
| Extent |
10p. |
| 650 ## - SUBJECT ADDED ENTRY--TOPICAL TERM |
| Topical term or geographic name entry element |
City planning - Himachal Pradesh |